|
|
|
|
| LEADER |
00000nam0a2200000 4500 |
| 001 |
308275 |
| 005 |
20231102002058.0 |
| 020 |
|
|
|a RU
|b 81-76624
|
| 035 |
|
|
|a (RuTPU)RU\TPU\book\333584
|
| 090 |
|
|
|a 308275
|
| 100 |
|
|
|a 20151029d1981 k y0rusy5003 ca
|
| 101 |
0 |
|
|a rus
|
| 102 |
|
|
|a RU
|
| 105 |
|
|
|a y z 000zy
|
| 200 |
1 |
|
|a Советское административное право. Основы управления народным хозяйством
|f Академия наук СССР (АН СССР), Институт государства и права (ИГП) ; М. И. Пискотина, Ю. М. Козлова
|
| 210 |
|
|
|a Москва
|c Юридическая литература
|d 1981
|
| 215 |
|
|
|a 279 с.
|
| 606 |
1 |
|
|a Административное право
|y Россия
|2 stltpush
|3 (RuTPU)RU\TPU\subj\1532
|9 30301
|
| 610 |
1 |
|
|a народное хозяйство
|
| 610 |
1 |
|
|a управление
|
| 610 |
1 |
|
|a правовые основы
|
| 610 |
1 |
|
|a государственное управление
|
| 610 |
1 |
|
|a предприятия
|
| 610 |
1 |
|
|a администрирование
|
| 610 |
1 |
|
|a методы
|
| 610 |
1 |
|
|a межотраслевое взаимодействие
|
| 610 |
1 |
|
|a планирование
|
| 610 |
1 |
|
|a учет
|
| 610 |
1 |
|
|a финансы
|
| 610 |
1 |
|
|a кредит
|
| 686 |
|
|
|a Х621
|v LBC/SL-A
|2 rubbk
|
| 702 |
|
1 |
|a Пискотин
|b М. И.
|4 070
|
| 702 |
|
1 |
|a Козлов
|b Ю. М.
|g Юрий Маркович
|4 340
|
| 712 |
0 |
2 |
|a Академия наук СССР (АН СССР)
|b Институт государства и права (ИГП)
|c (Москва)
|2 stltpush
|3 (RuTPU)RU\TPU\col\11358
|
| 801 |
|
0 |
|a RU
|b RuMRKP
|c 19950704
|g psbo
|
| 801 |
|
1 |
|a RU
|b 63413507
|c 20151029
|
| 801 |
|
2 |
|a RU
|b 63413507
|c 20171013
|g RCR
|
| 942 |
|
|
|c BK
|